| 000 | 00754nam a2200253 a 4500 | ||
|---|---|---|---|
| 008 | |||
| 020 | _a0749426691 (pbk.) | ||
| 049 | _aMAIN | ||
| 090 | _aHF5387 | ||
| 100 | 1 | _aWyburd, Giles. | |
| 245 | 1 | 0 |
_aCompetitive and ethical? : _bhow business can strike a balance / _cGiles Wyburd. |
| 260 |
_aLondon : _bKogan Page, _c1998. |
||
| 300 |
_ax, 182 p. ; _c24 cm. |
||
| 500 | _aIncludes index. | ||
| 504 | _aIncludes bibliographical references. | ||
| 650 | 0 | _aBusiness ethics. | |
| 650 | 0 |
_aCompetition _xMoral and ethical aspects. |
|
| 650 | 0 | _aSuccess in business. | |
| 907 |
_a.b10094295 _b23-01-07 _c21-11-03 |
||
| 003 | |||
| 005 | 20230123133459.0 | ||
| 040 | _cNUST | ||
| 942 |
_cBOOKS _kHF5387 |
||
| 999 |
_c149321 _d149321 |
||